[Event "43. Olimpiada Batumi 2018 Femenina"]
[Site "Batumi GEO"]
[Date "2018.09.30"]
[Round "6.1"]
[White "Kollari, Hafife"]
[Black "Anandpara, Jayendra Saloni"]
[Result "0-1"]
[WhiteElo "1437"]
[BlackElo "1326"]
[PlyCount "64"]
[EventDate "2018.09.24"]
[EventType "team-swiss"]
[EventRounds "11"]
[EventCountry "GEO"]
[SourceTitle "Ajedrez en Madrid"]
[Source "lmi"]
[SourceDate "2018.09.24"]
[WhiteTeam "Kosovo"]
[BlackTeam "Hong Kong"]
[WhiteTeamCountry "KOS"]
[BlackTeamCountry "HKG"]

1. e4 c5 2. Nf3 d6 3. d4 cxd4 4. Nxd4 a6 5. Nc3 e5 6. Nb3 Nf6 7. Bd3 Be7 8. h3
Be6 9. Be3 Nbd7 10. Qd2 b5 11. f4 exf4 12. Bxf4 Nh5 13. Nd5 Bxd5 14. exd5 O-O
15. O-O Nxf4 16. Qxf4 Rc8 17. Qe4 g6 18. Rae1 Bf6 19. c3 Qb6+ 20. Qe3 Qc7 21.
Nd4 Bg7 22. Nc6 Ne5 23. Nxe5 Bxe5 24. g4 Rfe8 25. Qf3 b4 26. cxb4 Qa7+ 27. Qf2
Bd4 28. Rxe8+ Rxe8 29. Kg2 Bxf2 30. Rxf2 Qd4 31. Bxa6 Qxd5+ 32. Kf1 Qh1# 0-1

[Event "43. Olimpiada Batumi 2018 Femenina"]
[Site "Batumi GEO"]
[Date "2018.09.30"]
[Round "6.2"]
[White "Ng, Sau Wai"]
[Black "Saraci, Ndriqona"]
[Result "0-1"]
[WhiteElo "1222"]
[BlackElo "1263"]
[PlyCount "74"]
[EventDate "2018.09.24"]
[EventType "team-swiss"]
[EventRounds "11"]
[EventCountry "GEO"]
[SourceTitle "Ajedrez en Madrid"]
[Source "lmi"]
[SourceDate "2018.09.24"]
[WhiteTeam "Hong Kong"]
[BlackTeam "Kosovo"]
[WhiteTeamCountry "HKG"]
[BlackTeamCountry "KOS"]

1. c4 c5 2. Nc3 g6 3. g3 Bg7 4. Bg2 d6 5. Nf3 e5 6. d3 Ne7 7. O-O Nbc6 8. Rb1
Be6 9. Bg5 O-O 10. a3 Qc8 11. Qd2 Bh3 12. e4 Bxg2 13. Kxg2 f5 14. Bxe7 Nxe7 15.
Ng5 Bh6 16. h4 f4 17. Qd1 Bxg5 18. hxg5 f3+ 19. Kh2 Qg4 20. Rh1 Qxg5 21. Qf1 a6
22. Qh3 Qd2 23. Kg1 Rf7 24. Qf1 Nc6 25. Qd1 Qg5 26. Rh3 Nd4 27. Kh2 Rf4 28. Qf1
Rf7 29. Rd1 Raf8 30. Rh4 Qd8 31. Rh3 g5 32. g4 Qd7 33. Kg3 Rg7 34. Rh5 Qf7 35.
Rd2 Qf4+ 36. Kh3 Qxd2 37. Kg3 Ne2+ 0-1

[Event "43. Olimpiada Batumi 2018 Femenina"]
[Site "Batumi GEO"]
[Date "2018.09.30"]
[Round "6.1"]
[White "Mission, Baby Edna"]
[Black "Lieketseng, Ngatane"]
[Result "0-1"]
[WhiteElo "1475"]
[BlackElo "1518"]
[PlyCount "90"]
[EventDate "2018.09.24"]
[EventType "team-swiss"]
[EventRounds "11"]
[EventCountry "GEO"]
[SourceTitle "Ajedrez en Madrid"]
[Source "lmi"]
[SourceDate "2018.09.24"]
[WhiteTeam "Palau"]
[BlackTeam "Lesotho"]
[WhiteTeamCountry "PAL"]
[BlackTeamCountry "LES"]

1. d4 d5 2. e3 Nf6 3. Bd3 e6 4. f4 b6 5. Nf3 Bd6 6. O-O O-O 7. Nc3 Bb7 8. Nb5
a6 9. Nxd6 cxd6 10. b3 b5 11. Qd2 Ne4 12. Qe1 Nd7 13. Bxe4 dxe4 14. Nh4 f5 15.
Ba3 Nf6 16. h3 Rf7 17. Bb4 a5 18. Bd2 b4 19. c3 bxc3 20. Bxc3 Nd5 21. Bd2 Ba6
22. Rf2 Qxh4 23. Kh2 Nf6 24. Kg1 a4 25. b4 a3 26. Rc1 Nd5 27. Kh2 Rc7 28. Rxc7
Nxc7 29. g3 Qe7 30. Bc1 Bc4 31. Rc2 d5 32. Qd2 Ra4 33. Bxa3 Rxa3 34. Rb2 Qd7
35. Qc1 Qa4 36. h4 Rxa2 37. Rxa2 Qxa2+ 38. Kh1 Qb3 39. Qe1 Na6 40. b5 Qxb5 41.
Qa1 h6 42. Kh2 Kh7 43. Kg2 Be2 44. Kf2 Bf3 45. Qe1 Qb2+ 0-1

[Event "43. Olimpiada Batumi 2018 Femenina"]
[Site "Batumi GEO"]
[Date "2018.09.30"]
[Round "6.2"]
[White "Malehloa, Likhomo"]
[Black "Sisior, Angelil"]
[Result "1-0"]
[WhiteElo "1174"]
[BlackElo "1476"]
[PlyCount "48"]
[EventDate "2018.09.24"]
[EventType "team-swiss"]
[EventRounds "11"]
[EventCountry "GEO"]
[SourceTitle "Ajedrez en Madrid"]
[Source "lmi"]
[SourceDate "2018.09.24"]
[WhiteTeam "Lesotho"]
[BlackTeam "Palau"]
[WhiteTeamCountry "LES"]
[BlackTeamCountry "PAL"]

1. e4 e5 2. Nf3 Nc6 3. Bc4 Nf6 4. Nc3 d6 5. h3 Be6 6. Be2 d5 7. exd5 Nxd5 8.
O-O Bf5 9. Bb5 Nf4 10. Re1 Be7 11. Nxe5 O-O 12. Bxc6 bxc6 13. Nxc6 Qd7 14.
Nxe7+ Kh8 15. Nxf5 Qxf5 16. Qf3 Rfe8 17. Kh2 g5 18. Ne4 Qe5 19. g3 f5 20. gxf4
gxf4 21. d3 Rf8 22. Qxf4 Rae8 23. Qxe5+ Rxe5 24. Bf4 Re6 1-0

[Event "43. Olimpiada Batumi 2018 Femenina"]
[Site "Batumi GEO"]
[Date "2018.09.30"]
[Round "6.3"]
[White "Parrado, Angelica"]
[Black "McPherson, Naleli"]
[Result "0-1"]
[WhiteElo "1559"]
[BlackElo "1267"]
[PlyCount "122"]
[EventDate "2018.09.24"]
[EventType "team-swiss"]
[EventRounds "11"]
[EventCountry "GEO"]
[SourceTitle "Ajedrez en Madrid"]
[Source "lmi"]
[SourceDate "2018.09.24"]
[WhiteTeam "Palau"]
[BlackTeam "Lesotho"]
[WhiteTeamCountry "PAL"]
[BlackTeamCountry "LES"]

1. e4 c6 2. d4 d5 3. exd5 cxd5 4. Bd3 Nf6 5. Ne2 e6 6. O-O Bd6 7. Bg5 O-O 8. c4
dxc4 9. Bxc4 Nbd7 10. Nbc3 Qc7 11. Qd3 b6 12. Nb5 Qc6 13. Nxd6 Qxd6 14. Rac1
Bb7 15. f3 Rac8 16. Rc2 Nd5 17. Bxd5 Qxd5 18. h4 Ne5 19. Qd1 Ng6 20. Nc3 Qd6
21. Rd2 f6 22. Be3 Nxh4 23. d5 Qe5 24. Bf2 Nf5 25. Re1 Qc7 26. Rxe6 Rcd8 27. g4
Nd6 28. Bg3 Qc5+ 29. Kg2 Nc4 30. Rde2 Bxd5 31. Nxd5 Qxd5 32. Qe1 f5 33. g5 f4
34. Bh4 g6 35. b3 Ne3+ 36. R2xe3 fxe3 37. Rxe3 Qd2+ 38. Re2 Qxe1 39. Bxe1 Rf5
40. Bh4 Kf7 41. Kg3 Rd3 42. Rf2 a6 43. Kg4 Rfd5 44. Bg3 Rd2 45. a3 Rxf2 46.
Bxf2 b5 47. Kf4 Rd3 48. b4 Rxa3 49. Bc5 Rd3 50. Ke4 Rd1 51. f4 Ke6 52. Bd4 Rd2
53. Ke3 Rc2 54. Kd3 Rc4 55. Be5 Rxb4 56. Ke3 Rc4 57. Kd3 Kf5 58. Ke3 a5 59. Bd4
Rxd4 60. Kxd4 Kxf4 61. Kc5 a4 0-1

[Event "43. Olimpiada Batumi 2018 Femenina"]
[Site "Batumi GEO"]
[Date "2018.09.30"]
[Round "6.4"]
[White "Leboela, Maboloko"]
[Black "Magno, Angelica"]
[Result "1-0"]
[WhiteElo "1306"]
[BlackElo "1105"]
[PlyCount "77"]
[EventDate "2018.09.24"]
[EventType "team-swiss"]
[EventRounds "11"]
[EventCountry "GEO"]
[SourceTitle "Ajedrez en Madrid"]
[Source "lmi"]
[SourceDate "2018.09.24"]
[WhiteTeam "Lesotho"]
[BlackTeam "Palau"]
[WhiteTeamCountry "LES"]
[BlackTeamCountry "PAL"]

1. d4 d5 2. c4 Nf6 3. Nc3 e6 4. Nf3 h6 5. e3 b6 6. Bd3 Nbd7 7. O-O Bb7 8. cxd5
exd5 9. Bd2 Bd6 10. Rc1 O-O 11. Bb1 Re8 12. Nb5 Ne4 13. Qc2 Ba6 14. Nxd6 cxd6
15. Rfe1 f5 16. Bb4 Qf6 17. Qc6 Qe6 18. Nh4 Rac8 19. Qa4 Nb8 20. f3 g5 21. Nxf5
Qxf5 22. fxe4 dxe4 23. Bxd6 Bd3 24. Qb3+ Kh7 25. Bxb8 Rxc1 26. Rxc1 Rxb8 27.
Bxd3 exd3 28. Rd1 Rc8 29. Qxd3 Kg6 30. Qxf5+ Kxf5 31. Rd2 Ke4 32. Kf2 Rf8+ 33.
Ke2 g4 34. Rd1 h5 35. Rf1 Rxf1 36. Kxf1 Kxe3 37. d5 Ke4 38. d6 Ke5 39. d7 1-0

[Event "43. Olimpiada Batumi 2018 Femenina"]
[Site "Batumi GEO"]
[Date "2018.09.30"]
[Round "6.1"]
[White "Agbazue, Precious"]
[Black "Magne, Kouokam Sylviane"]
[Result "0-1"]
[WhiteElo "1902"]
[BlackElo "1308"]
[PlyCount "76"]
[EventDate "2018.09.24"]
[EventType "team-swiss"]
[EventRounds "11"]
[EventCountry "GEO"]
[SourceTitle "Ajedrez en Madrid"]
[Source "lmi"]
[SourceDate "2018.09.24"]
[WhiteTeam "Nigeria"]
[BlackTeam "Cameroon"]
[WhiteTeamCountry "NGR"]
[BlackTeamCountry "CAM"]

1. e4 d5 2. exd5 Qxd5 3. Nc3 Qd8 4. d4 Nf6 5. Nge2 e6 6. Bf4 a6 7. Ng3 Bb4 8.
Nge2 O-O 9. a3 Be7 10. g3 Nh5 11. Qd2 Nc6 12. Bg2 Nxf4 13. Qxf4 Bg5 14. Qe4 Re8
15. O-O Ne7 16. Rad1 c6 17. Nf4 Nd5 18. Nh3 Bh6 19. Ne2 Qc7 20. Rfe1 e5 21. c3
Nf6 22. Qd3 e4 23. Qc2 Bg4 24. Rb1 Qd7 25. Nhf4 g5 26. Nd3 exd3 27. Qxd3 Bf5
28. Qd1 Bxb1 29. Qxb1 Re6 30. Bh3 g4 31. Bf1 Bd2 32. Rd1 Ne4 33. Nf4 Bxf4 34.
gxf4 Rae8 35. Bd3 Qd5 36. Qc2 Qf5 37. Re1 Qxf4 38. Re2 Rh6 0-1

[Event "43. Olimpiada Batumi 2018 Femenina"]
[Site "Batumi GEO"]
[Date "2018.09.30"]
[Round "6.3"]
[White "Ebrahim, Zahabiyah"]
[Black "Johnson, Nellisha"]
[Result "1-0"]
[WhiteElo "1217"]
[BlackElo "1123"]
[PlyCount "101"]
[EventDate "2018.09.24"]
[EventType "team-swiss"]
[EventRounds "11"]
[EventCountry "GEO"]
[SourceTitle "Ajedrez en Madrid"]
[Source "lmi"]
[SourceDate "2018.09.24"]
[WhiteTeam "Tanzania"]
[BlackTeam "Guyana"]
[WhiteTeamCountry "TAN"]
[BlackTeamCountry "GUY"]

1. e4 e5 2. Nf3 Nc6 3. Bc4 d6 4. Nc3 Be7 5. d3 Nf6 6. O-O O-O 7. Be3 Na5 8. Bb5
a6 9. Ba4 Be6 10. d4 Bc4 11. Re1 b5 12. Bb3 Nxb3 13. cxb3 Be6 14. Qe2 c6 15.
Rad1 Ng4 16. dxe5 d5 17. Bc1 Qb6 18. Be3 Nxe3 19. fxe3 Rad8 20. Nd4 dxe4 21.
Nxe4 Bd5 22. Qf3 Bxe4 23. Qxe4 Qc7 24. Nxc6 Rxd1 25. Rxd1 Bg5 26. Re1 f5 27.
Qd5+ Kh8 28. e6 Be7 29. Ne5 Kg8 30. Nc6 Re8 31. Rc1 Qb6 32. Rc3 f4 33. Qd7 Kf8
34. Nxe7 Rd8 35. Rc8 Qxe3+ 36. Kf1 Qc1+ 37. Rxc1 Rxd7 38. exd7 Kxe7 39. Rd1 Kd8
40. Kf2 h5 41. Kf3 a5 42. Kxf4 a4 43. bxa4 bxa4 44. b3 axb3 45. axb3 Ke7 46.
d8=Q+ Kf7 47. Qd6 Kg8 48. Re1 Kh7 49. Re7 h4 50. h3 Kh8 51. Qg6 1-0

[Event "43. Olimpiada Batumi 2018 Femenina"]
[Site "Batumi GEO"]
[Date "2018.09.30"]
[Round "6.3"]
[White "Hoareau, Rachelle"]
[Black "Dlamini, Nosipho"]
[Result "0-1"]
[WhiteElo "1467"]
[BlackElo "1239"]
[PlyCount "90"]
[EventDate "2018.09.24"]
[EventType "team-swiss"]
[EventRounds "11"]
[EventCountry "GEO"]
[SourceTitle "Ajedrez en Madrid"]
[Source "lmi"]
[SourceDate "2018.09.24"]
[WhiteTeam "Seychelles"]
[BlackTeam "Swaziland"]
[WhiteTeamCountry "SEY"]
[BlackTeamCountry "SWA"]

1. e4 c5 2. e5 Nc6 3. Nf3 d5 4. c4 d4 5. d3 Bg4 6. Be2 g6 7. Bf4 Bg7 8. h3 Bf5
9. Nbd2 e6 10. Ne4 Bxe4 11. dxe4 f6 12. O-O fxe5 13. Bg5 Nf6 14. Qb3 h6 15.
Qxb7 Ne7 16. Qb5+ Nd7 17. Bh4 g5 18. Nxg5 Rb8 19. Bh5+ Kf8 20. Nxe6+ Kg8 21.
Nxd8 Rxb5 22. cxb5 Nf6 23. Bf7+ Kh7 24. Ne6 Nxe4 25. f3 Nd6 26. Bxe7 Nxf7 27.
Nxg7 Kxg7 28. Bxc5 Rb8 29. a4 a5 30. f4 d3 31. Rad1 e4 32. Bd4+ Kh7 33. f5 Re8
34. Rf4 e3 35. Rg4 e2 36. Rg7+ Kh8 37. Rxf7+ Kg8 38. Rg7+ Kf8 39. Re1 d2 40.
Rb1 d1=Q+ 41. Rxd1 exd1=Q+ 42. Kh2 Qxd4 43. Rh7 Qd6+ 44. g3 Re2+ 45. Kg1 Qd1#
0-1

[Event "43. Olimpiada Batumi 2018 Femenina"]
[Site "Batumi GEO"]
[Date "2018.09.30"]
[Round "6.4"]
[White "Nokuthula, Mkhonta"]
[Black "Figaro, Dericka"]
[Result "0-1"]
[WhiteElo "1053"]
[BlackElo "1671"]
[PlyCount "94"]
[EventDate "2018.09.24"]
[EventType "team-swiss"]
[EventRounds "11"]
[EventCountry "GEO"]
[SourceTitle "Ajedrez en Madrid"]
[Source "lmi"]
[SourceDate "2018.09.24"]
[WhiteTeam "Swaziland"]
[BlackTeam "Seychelles"]
[WhiteTeamCountry "SWA"]
[BlackTeamCountry "SEY"]

1. e4 e5 2. Nf3 Nc6 3. d4 exd4 4. Nxd4 Bb4+ 5. Nc3 d6 6. Bb5 Bd7 7. O-O Nf6 8.
h3 O-O 9. Re1 Re8 10. Bf4 Nxe4 11. Nxc6 bxc6 12. Bd3 Nxc3 13. Qd2 Nd5 14. c3
Bc5 15. c4 Bb4 16. Rxe8+ Qxe8 17. Re1 Qxe1+ 18. Qxe1 Bxe1 19. cxd5 cxd5 20. Kf1
Ba5 21. b3 Re8 22. f3 Re1+ 23. Kf2 Ra1 24. a4 g6 25. g4 Bb6+ 26. Kg3 Ba5 27.
Be3 Bb6 28. Bf4 f6 29. Bb5 Bxb5 30. axb5 Rb1 31. h4 Rxb3 32. g5 fxg5 33. Bxg5
Rxb5 34. Kg4 d4 35. f4 d3 36. f5 Rxf5 37. Bd2 Ba5 38. Bc1 d2 39. Bxd2 Bxd2 40.
h5 a5 41. hxg6 hxg6 42. Kg3 a4 43. Kg4 a3 44. Kg3 a2 45. Kg4 a1=Q 46. Kg3 Qg1+
47. Kh3 Rh5# 0-1

[Event "43. Olimpiada Batumi 2018 Femenina"]
[Site "Batumi GEO"]
[Date "2018.09.30"]
[Round "6.1"]
[White "Ayiku, Angela Naa Amerley"]
[Black "Almeraj, Etedal"]
[Result "1-0"]
[WhiteElo "1439"]
[BlackElo "1062"]
[PlyCount "69"]
[EventDate "2018.09.24"]
[EventType "team-swiss"]
[EventRounds "11"]
[EventCountry "GEO"]
[SourceTitle "Ajedrez en Madrid"]
[Source "lmi"]
[SourceDate "2018.09.24"]
[WhiteTeam "Ghana"]
[BlackTeam "Kuwait"]
[WhiteTeamCountry "GHA"]
[BlackTeamCountry "KUW"]

1. e4 e5 2. Nf3 Nc6 3. Bb5 Bc5 4. O-O Nf6 5. d3 O-O 6. Bg5 d6 7. h3 Be6 8. Nc3
a6 9. Bxc6 bxc6 10. Re1 a5 11. d4 exd4 12. Nxd4 Bd7 13. Nf3 Qe7 14. e5 dxe5 15.
Nxe5 Qe6 16. Nxd7 Qxd7 17. Bxf6 Qf5 18. Bh4 Rad8 19. Bxd8 Bxf2+ 20. Kh1 Bxe1
21. Bxc7 Re8 22. Qd3 Qg5 23. Qd7 Qe3 24. Bf4 Qe7 25. Qxe7 Rxe7 26. Rd1 g6 27.
Bh6 Re8 28. Ne4 Bb4 29. Nf6+ Kh8 30. Nxe8 Be7 31. Rd7 Bf8 32. Bxf8 h5 33. Nf6
g5 34. Rd8 g4 35. Bh6# 1-0

[Event "43. Olimpiada Batumi 2018 Femenina"]
[Site "Batumi GEO"]
[Date "2018.09.30"]
[Round "6.2"]
[White "Alraqum, Shahad"]
[Black "Benson, Maud"]
[Result "0-1"]
[WhiteElo "1458"]
[BlackElo "1334"]
[PlyCount "82"]
[EventDate "2018.09.24"]
[EventType "team-swiss"]
[EventRounds "11"]
[EventCountry "GEO"]
[SourceTitle "Ajedrez en Madrid"]
[Source "lmi"]
[SourceDate "2018.09.24"]
[WhiteTeam "Kuwait"]
[BlackTeam "Ghana"]
[WhiteTeamCountry "KUW"]
[BlackTeamCountry "GHA"]

1. e4 c5 2. Nf3 d6 3. d4 cxd4 4. Nxd4 e5 5. Nf3 Nf6 6. Nc3 Nc6 7. Be3 Be7 8.
Bd3 O-O 9. O-O Bg4 10. Re1 a6 11. Qe2 b5 12. a3 Rc8 13. h3 Bh5 14. Rad1 Qd7 15.
Rd2 h6 16. Qd1 Qb7 17. Be2 Bg6 18. Nh4 Bxe4 19. Nxe4 Nxe4 20. Rd3 Bxh4 21. Rf1
Be7 22. f3 Ng3 23. Re1 Nxe2+ 24. Qxe2 Rfd8 25. Qf2 Rb8 26. Qg3 Bg5 27. Red1
Bxe3+ 28. Rxe3 Qb6 29. Qf2 Nd4 30. f4 Nxc2 31. Qxc2 Qxe3+ 32. Kh1 Qxf4 33. Qc6
Rbc8 34. Qxa6 Rc1 35. Rxc1 Qxc1+ 36. Kh2 Qxb2 37. Qb6 Ra8 38. Qxd6 Rxa3 39.
Qd8+ Kh7 40. Qe7 Ra2 41. Qxf7 Qxg2# 0-1

[Event "43. Olimpiada Batumi 2018 Femenina"]
[Site "Batumi GEO"]
[Date "2018.09.30"]
[Round "6.3"]
[White "Felix, Tobi"]
[Black "Alawadhi, Amenah"]
[Result "1-0"]
[WhiteElo "1468"]
[BlackElo "1374"]
[PlyCount "106"]
[EventDate "2018.09.24"]
[EventType "team-swiss"]
[EventRounds "11"]
[EventCountry "GEO"]
[SourceTitle "Ajedrez en Madrid"]
[Source "lmi"]
[SourceDate "2018.09.24"]
[WhiteTeam "Ghana"]
[BlackTeam "Kuwait"]
[WhiteTeamCountry "GHA"]
[BlackTeamCountry "KUW"]

1. d4 Nf6 2. Bf4 d5 3. e3 c5 4. c3 Nc6 5. Nd2 e6 6. Ngf3 Bd6 7. Bxd6 Qxd6 8.
Bd3 O-O 9. O-O e5 10. dxe5 Nxe5 11. Nxe5 Qxe5 12. Nf3 Qh5 13. Qa4 c4 14. Be2
Bd7 15. Qb4 a5 16. Qd6 Bg4 17. h3 Bxf3 18. Bxf3 Qf5 19. Rfd1 Rad8 20. Qb6 Rd7
21. Qxa5 Rfd8 22. Rd2 Rd6 23. Rad1 Ne4 24. Bxe4 Qxe4 25. Rxd5 Qxd5 26. Rxd5
Rxd5 27. Qb6 R5d7 28. Kh2 g6 29. f3 Kg7 30. Qc5 Rd2 31. Qb6 R8d7 32. Kg3 R2d6
33. Qb5 Rc6 34. a4 Rdc7 35. Qd5 Rc5 36. Qd8 Rc8 37. Qd7 R8c7 38. Qd4+ Kf8 39.
Qh8+ Ke7 40. Qxh7 Ra5 41. Qh4+ Ke8 42. Qe4+ Kd7 43. Qd4+ Ke6 44. Qb6+ Kd5 45.
Qxa5+ Rc5 46. Qd8+ Kc6 47. Qe8+ Kb6 48. Qxf7 Rc6 49. Qe8 Ka5 50. Qa8+ Kb6 51.
Qd8+ Ka7 52. e4 Ra6 53. Qd4+ Kb8 1-0

[Event "43. Olimpiada Batumi 2018 Femenina"]
[Site "Batumi GEO"]
[Date "2018.09.30"]
[Round "6.4"]
[White "Baqer, Fatemah Alzahraa"]
[Black "Ashley, Christiana Naa Merl"]
[Result "1-0"]
[WhiteElo "1173"]
[BlackElo "1246"]
[PlyCount "131"]
[EventDate "2018.09.24"]
[EventType "team-swiss"]
[EventRounds "11"]
[EventCountry "GEO"]
[SourceTitle "Ajedrez en Madrid"]
[Source "lmi"]
[SourceDate "2018.09.24"]
[WhiteTeam "Kuwait"]
[BlackTeam "Ghana"]
[WhiteTeamCountry "KUW"]
[BlackTeamCountry "GHA"]

1. e4 e5 2. Nf3 Nc6 3. Bc4 Bc5 4. Nc3 Nf6 5. d3 O-O 6. O-O d6 7. Nd5 Nxd5 8.
Bxd5 h6 9. c3 Qf6 10. Be3 Bb6 11. Qa4 Bd7 12. d4 Rad8 13. Bxc6 Bxc6 14. Qc4
Bxe4 15. dxe5 Qe6 16. Qxe4 Bxe3 17. Qxe3 b6 18. a3 f6 19. Nd4 Qd5 20. e6 Rde8
21. Rfe1 c5 22. Nb5 Re7 23. Rad1 Qc4 24. Nxd6 Qb3 25. Qe2 f5 26. h3 Rf6 27. Nc8
Rexe6 28. Rd8+ Kh7 29. Qd2 Rxe1+ 30. Qxe1 Re6 31. Qb1 Re5 32. Ne7 g6 33. Nc6
Rd5 34. Rxd5 Qxd5 35. Ne7 Qe6 36. Nxf5 Qxf5 37. Qxf5 gxf5 38. f4 Kg6 39. Kf2
Kf6 40. Kf3 Ke6 41. g4 a5 42. g5 h5 43. Kg3 Kf7 44. Kf3 b5 45. b4 cxb4 46. cxb4
a4 47. Ke3 Ke6 48. Kd4 Kd6 49. g6 Ke7 50. Kc5 Kf6 51. g7 Kxg7 52. Kxb5 Kf7 53.
Kc5 Ke7 54. Kc6 Kd8 55. b5 Kc8 56. Kb6 Kb8 57. Ka6 h4 58. b6 Ka8 59. Kb5 Kb7
60. Ka5 Kb8 61. Kxa4 Kb7 62. Kb5 Kb8 63. a4 Kb7 64. a5 Ka8 65. Ka6 Kb8 66. b7
1-0

[Event "43. Olimpiada Batumi 2018 Femenina"]
[Site "Batumi GEO"]
[Date "2018.10.01"]
[Round "7.1"]
[White "Danielian, Elina"]
[Black "Zatonskih, Anna"]
[Result "1-0"]
[WhiteElo "2409"]
[BlackElo "2431"]
[PlyCount "91"]
[EventDate "2018.09.24"]
[EventType "team-swiss"]
[EventRounds "11"]
[EventCountry "GEO"]
[SourceTitle "Ajedrez en Madrid"]
[Source "lmi"]
[SourceDate "2018.09.24"]
[WhiteTeam "Armenia"]
[BlackTeam "United States of America"]
[WhiteTeamCountry "ARM"]

1. d4 d5 2. Nf3 Nf6 3. c4 e6 4. Nc3 Be7 5. Bf4 O-O 6. e3 c5 7. dxc5 Bxc5 8.
cxd5 exd5 9. Be2 Nc6 10. O-O Be6 11. Rc1 Rc8 12. a3 a6 13. b4 Be7 14. Nd4 Nxd4
15. Qxd4 Qd7 16. Rfd1 Rfd8 17. Be5 Qe8 18. h3 Qf8 19. Qf4 h6 20. Bd3 Rc6 21.
Ne2 Rxc1 22. Rxc1 Rc8 23. Rd1 Nd7 24. Bc7 a5 25. bxa5 Bxa3 26. Nd4 Nc5 27. Bb1
Qe8 28. Qg3 Ne4 29. Bxe4 dxe4 30. Rb1 Bd5 31. Nf5 Bf8 32. Bd6 Kh7 33. Bxf8 Qxf8
34. Qe5 Bc6 35. Nd6 Rc7 36. Rc1 f6 37. Qf4 g5 38. Qf5+ Kh8 39. Qc5 Qe7 40. Nxb7
Qxc5 41. Nxc5 Bd5 42. Rc3 f5 43. Nxe4 Ra7 44. Rc8+ Kg7 45. Nd6 Be6 46. Rc7+ 1-0

[Event "43. Olimpiada Batumi 2018 Femenina"]
[Site "Batumi GEO"]
[Date "2018.10.01"]
[Round "7.2"]
[White "Krush, Irina"]
[Black "Mkrtchian, Lilit"]
[Result "1/2-1/2"]
[WhiteElo "2423"]
[BlackElo "2384"]
[PlyCount "81"]
[EventDate "2018.09.24"]
[EventType "team-swiss"]
[EventRounds "11"]
[EventCountry "GEO"]
[SourceTitle "Ajedrez en Madrid"]
[Source "lmi"]
[SourceDate "2018.09.24"]
[WhiteTeam "United States of America"]
[BlackTeam "Armenia"]
[BlackTeamCountry "ARM"]

1. d4 d5 2. c4 c6 3. Nf3 Nf6 4. Qb3 dxc4 5. Qxc4 Bf5 6. g3 e6 7. Bg2 Be7 8. O-O
Nbd7 9. e3 O-O 10. Qe2 h6 11. Rd1 Qc7 12. Nc3 Ne4 13. Ne1 Nxc3 14. bxc3 e5 15.
e4 Bh7 16. f4 Qa5 17. dxe5 Qxc3 18. Bb2 Qc5+ 19. Kh1 Rfd8 20. a4 Qa5 21. Nf3
Nc5 22. Nd4 Bf8 23. Nf5 Rxd1+ 24. Rxd1 Rd8 25. Nd6 Nxa4 26. Ba1 Qb4 27. Qc2
Bxd6 28. exd6 Rxd6 29. f5 Nb6 30. h3 Rxd1+ 31. Qxd1 Qe7 32. g4 f6 33. Bc3 Kh8
34. Qa1 Nd7 35. Qxa7 Qc5 36. Qxb7 Qxc3 37. Qxd7 Qc1+ 38. Kh2 Qf4+ 39. Kg1 Qe3+
40. Kh1 Qc1+ 41. Kh2 1/2-1/2

[Event "43. Olimpiada Batumi 2018 Femenina"]
[Site "Batumi GEO"]
[Date "2018.10.01"]
[Round "7.3"]
[White "Sargsyan, Anna M"]
[Black "Foisor, Sabina-Francesca"]
[Result "1-0"]
[WhiteElo "2331"]
[BlackElo "2311"]
[PlyCount "127"]
[EventDate "2018.09.24"]
[EventType "team-swiss"]
[EventRounds "11"]
[EventCountry "GEO"]
[SourceTitle "Ajedrez en Madrid"]
[Source "lmi"]
[SourceDate "2018.09.24"]
[WhiteTeam "Armenia"]
[BlackTeam "United States of America"]
[WhiteTeamCountry "ARM"]

1. d4 Nf6 2. Nf3 e6 3. c4 b6 4. Nc3 Bb7 5. Bg5 Be7 6. Qc2 d6 7. Rd1 h6 8. Bh4
Nh5 9. Bxe7 Qxe7 10. e3 O-O 11. Be2 Nf6 12. Rg1 e5 13. g4 e4 14. Nd2 Re8 15. h4
Nh7 16. d5 Qxh4 17. Ndxe4 Nd7 18. Ng3 Ne5 19. Rh1 Qd8 20. f4 Ng6 21. Kf2 Bc8
22. Nf5 Bd7 23. Rdg1 Ngf8 24. Bd3 Bxf5 25. Bxf5 Qe7 26. Qd3 f6 27. Nb5 Qf7 28.
Nd4 Kh8 29. Ke2 Qg8 30. g5 fxg5 31. fxg5 Re5 32. gxh6 g5 33. Nf3 Rae8 34. Nxe5
Rxe5 35. Rf1 Nf6 36. Rhg1 N8h7 37. Kd2 Qe8 38. Bxh7 Nxh7 39. Rf5 Qh5 40. Rxe5
Qh2+ 41. Kc3 Qxe5+ 42. Qd4 Nf6 43. Qxe5 dxe5 44. Kd3 g4 45. Rf1 Ng8 46. Ke4
Nxh6 47. Kxe5 Kg7 48. Kf4 Kg6 49. e4 Nf7 50. Rg1 Kf6 51. Rxg4 Ne5 52. Rg8 Nxc4
53. Rc8 Nxb2 54. e5+ Ke7 55. Rxc7+ Kd8 56. Rxa7 Nd3+ 57. Kf5 Nb4 58. Ke6 Kc8
59. d6 Kb8 60. Rh7 b5 61. Rh8+ Kb7 62. d7 Nc6 63. d8=Q Nxd8+ 64. Rxd8 1-0

[Event "43. Olimpiada Batumi 2018 Femenina"]
[Site "Batumi GEO"]
[Date "2018.10.01"]
[Round "7.4"]
[White "Yu, Jennifer"]
[Black "Kursova, Maria"]
[Result "1-0"]
[WhiteElo "2268"]
[BlackElo "2289"]
[PlyCount "93"]
[EventDate "2018.09.24"]
[EventType "team-swiss"]
[EventRounds "11"]
[EventCountry "GEO"]
[SourceTitle "Ajedrez en Madrid"]
[Source "lmi"]
[SourceDate "2018.09.24"]
[WhiteTeam "United States of America"]
[BlackTeam "Armenia"]
[BlackTeamCountry "ARM"]

1. d4 Nf6 2. c4 e6 3. Nc3 Bb4 4. Qc2 c5 5. dxc5 O-O 6. a3 Bxc5 7. Nf3 b6 8. Bg5
Be7 9. Rd1 Nc6 10. e4 h6 11. Bh4 Nh5 12. Bxe7 Nxe7 13. g3 a6 14. Bg2 Qc7 15.
Qd3 Ng6 16. O-O Rb8 17. b3 Rd8 18. Qd6 Qa7 19. e5 Bb7 20. Qd4 f5 21. Ne2 Qa8
22. Ne1 d6 23. exd6 e5 24. Bxb7 Qxb7 25. Qd3 e4 26. Qd4 Nf6 27. Ng2 Re8 28. Kh1
Ne5 29. Ng1 Rbd8 30. Ne3 Nf7 31. c5 bxc5 32. Qxc5 Re5 33. Qc3 Rb5 34. b4 Rxd6
35. Rxd6 Nxd6 36. Rd1 Nf7 37. Ne2 Ng4 38. Kg2 Nxe3+ 39. fxe3 Kh7 40. Nf4 Ng5
41. h4 Nf3 42. Ne6 Kg6 43. Rd6 Qe7 44. h5+ Kxh5 45. Nf4+ Kg4 46. Rg6+ Ng5 47.
Qc2 1-0

[Event "43. Olimpiada Batumi 2018 Femenina"]
[Site "Batumi GEO"]
[Date "2018.10.01"]
[Round "7.1"]
[White "Ju, Wenjun"]
[Black "Peng, Zhaoqin"]
[Result "1-0"]
[WhiteElo "2561"]
[BlackElo "2367"]
[PlyCount "75"]
[EventDate "2018.09.24"]
[EventType "team-swiss"]
[EventRounds "11"]
[EventCountry "GEO"]
[SourceTitle "Ajedrez en Madrid"]
[Source "lmi"]
[SourceDate "2018.09.24"]
[WhiteTeam "China"]
[BlackTeam "Netherlands"]
[WhiteTeamCountry "CHN"]
[BlackTeamCountry "NED"]

1. e4 c5 2. Nf3 Nc6 3. Bb5 d6 4. O-O Bd7 5. Re1 a6 6. Bf1 Bg4 7. h3 Bxf3 8.
Qxf3 Nf6 9. d3 g6 10. c3 Bg7 11. Be3 O-O 12. Nd2 Nd7 13. Qd1 b5 14. Nf3 Nb6 15.
d4 cxd4 16. cxd4 d5 17. e5 Qd7 18. b3 Rfc8 19. Qd2 Nd8 20. Rec1 Rxc1 21. Rxc1
Rc8 22. h4 Rxc1 23. Qxc1 Qc6 24. Qd2 Na8 25. h5 Nc7 26. g3 Nce6 27. Bg2 f6 28.
exf6 exf6 29. Nh4 Kf7 30. Qd3 Nf8 31. Qd1 Nde6 32. Qf3 Nc7 33. Bf1 Nfe6 34.
hxg6+ hxg6 35. Bd3 Nf8 36. Nxg6 Nxg6 37. Qh5 f5 38. Qxf5+ 1-0